[Event "ENG-ch U16"]
[Site "Torquay"]
[Date "2022.08.10"]
[Round "4"]
[White "Harandi, Teymour"]
[Black "Fleri, Luke"]
[Result "1/2-1/2"]
[WhiteElo "1391"]
[BlackElo "1628"]
[PlyCount "106"]
[EventDate "2022.08.08"]
[EventType "swiss"]
[EventRounds "7"]
[EventCountry "ENG"]
[SourceTitle "EXT 2023"]
[Source "ChessBase"]
[SourceDate "2022.10.05"]
[SourceVersion "1"]
[SourceVersionDate "2022.10.05"]
[SourceQuality "1"]

1. e4 e5 2. Nf3 Nc6 3. d4 exd4 4. Nxd4 Bc5 5. Nb3 Bb6 6. Nc3 d6 7. Qe2 Be6 8. Be3 Qe7 9. g3 Nf6 10. Bg2 0-0-0 11. Bxb6 axb6 12. 0-0-0 Bxb3 13. axb3 Kb8 14. Rhe1 Rhe8 15. f4 Nd7 16. Qc4 Qe6 17. Qd5 Nc5 18. Qxe6 fxe6 19. Nb5 g6 20. Nd4 Nxd4 21. Rxd4 e5 22. Rd2 Ne6 23. fxe5 dxe5 24. Rf2 Rf8 25. Ref1 c6 26. Rf7 Rxf7 27. Rxf7 Rf8 28. Rxf8+ Nxf8 29. Bh3 Kc7 30. Kd2 Kd6 31. Bc8 b5 32. Kc3 b6 33. Kb4 h6 34. c4 bxc4 35. bxc4 Nh7 36. Bh3 Nf6 37. Bg2 Ng4 38. h3 Ne3 39. Bh1 Nf1 40. g4 Ng3 41. Bg2 Ne2 42. Bh1 Ke6 43. Bg2 Kf6 44. Bf1 Nd4 45. Kc3 Kg5 46. b4 Kf4 47. c5 bxc5 48. bxc5 Kxe4 49. Bd3+ Kf3 50. Bxg6 Ne2+ 51. Kd2 Nf4 52. Be8 Nxh3 53. Bxc6+ e4 1/2-1/2

[Event "ENG-ch U16"]
[Site "Torquay"]
[Date "2022.08.09"]
[Round "3"]
[White "Ball, Katie C"]
[Black "Fleri, Luke"]
[Result "1-0"]
[WhiteElo "1287"]
[BlackElo "1628"]
[PlyCount "117"]
[EventDate "2022.08.08"]
[EventType "swiss"]
[EventRounds "7"]
[EventCountry "ENG"]
[SourceTitle "EXT 2023"]
[Source "ChessBase"]
[SourceDate "2022.10.05"]
[SourceVersion "1"]
[SourceVersionDate "2022.10.05"]
[SourceQuality "1"]

1. d4 d5 2. Nc3 Nf6 3. Bf4 c5 4. e3 Nc6 5. Nb5 e5 6. dxe5 Ng4 7. e6 Nge5 8. exf7+ Kxf7 9. Nf3 Ng6 10. Bg3 Be6 11. Bd3 Be7 12. Bxg6+ hxg6 13. Nc7 Rc8 14. Nxe6 Kxe6 15. Qd3 Kf7 16. 0-0 Bf6 17. c3 Qd7 18. Rad1 Rcd8 19. Rfe1 g5 20. e4 g4 21. Nd2 dxe4 22. Qc4+ Qd5 23. Qxd5+ Rxd5 24. Nxe4 Rxd1 25. Rxd1 Be7 26. Nd6+ Bxd6 27. Rxd6 Rd8 28. Kf1 Rxd6 29. Bxd6 Ke6 30. Bxc5 a6 31. Ke2 Kf5 32. Ke3 g6 33. Bd4 Ne7 34. c4 Nc6 35. a3 a5 36. b3 Nd8 37. Bc3 Nc6 38. Bd2 Ke5 39. Be1 Kf5 40. Bc3 g5 41. Bd2 Ke5 42. Be1 Kf5 43. Bc3 Kg6 44. Ke4 Kh5 45. Kf5 Ne7+ 46. Ke6 Ng6 47. g3 Nf4+ 48. gxf4 gxf4 49. Kf5 f3 50. Bxa5 Kh4 51. Bc7 Kh3 52. Bg3 b5 53. cxb5 Kg2 54. b6 Kh3 55. b7 Kg2 56. b8Q Kh3 57. Qe5 Kg2 58. Qe1 Kh3 59. Qf1# 1-0

[Event "ENG-ch U16"]
[Site "Torquay"]
[Date "2022.08.08"]
[Round "1"]
[White "Pollack, Maximo"]
[Black "Fleri, Luke"]
[Result "0-1"]
[WhiteElo "1320"]
[BlackElo "1628"]
[PlyCount "106"]
[EventDate "2022.08.08"]
[EventType "swiss"]
[EventRounds "7"]
[EventCountry "ENG"]
[SourceTitle "EXT 2023"]
[Source "ChessBase"]
[SourceDate "2022.10.05"]
[SourceVersion "1"]
[SourceVersionDate "2022.10.05"]
[SourceQuality "1"]

1. e4 e5 2. Nc3 Nf6 3. f4 d6 4. Nf3 Nc6 5. Bb5 Bd7 6. d3 Nd4 7. Bxd7+ Qxd7 8. 0-0 0-0-0 9. Nxd4 exd4 10. Ne2 c5 11. f5 d5 12. e5 Ng4 13. Bg5 Re8 14. Nxd4 Nxe5 15. Nf3 Qxf5 16. Nxe5 Qxe5 17. Re1 Qxe1+ 18. Qxe1 Rxe1+ 19. Rxe1 f6 20. Bf4 Kd7 21. a4 g5 22. Bb8 a6 23. Rf1 Be7 24. Ba7 h5 25. d4 cxd4 26. Bxd4 Rf8 27. h4 f5 28. hxg5 Bxg5 29. Rd1 Kc6 30. b4 Re8 31. Kf2 Re4 32. g3 h4 33. gxh4 Bxh4+ 34. Kf3 Be7 35. c3 Bd6 36. Be3 Be5 37. Bd4 Bxd4 38. Rxd4 Kd6 39. Rd1 Rc4 40. Rd3 Ke5 41. Re3+ Re4 42. Rd3 d4 43. c4 f4 44. Rd2 Re3+ 45. Kf2 Ke4 46. b5 f3 47. b6 Rc3 48. Rd1 Rc2+ 49. Kf1 d3 50. c5 Rxc5 51. Re1+ Kf4 52. Re7 Rc1+ 53. Kf2 Rc2+ 0-1

[Event "Wch FIDE Online U14 Europe qual"]
[Site "Tornelo INT"]
[Date "2020.12.08"]
[Round "5"]
[White "Fleri, Luke"]
[Black "Briem, Benedikt"]
[Result "1-0"]
[WhiteElo "1483"]
[BlackElo "1509"]
[PlyCount "149"]
[EventDate "2020.12.07"]
[EventType "swiss (rapid)"]
[EventRounds "7"]
[EventCountry "ISS"]
[SourceTitle "EXT 2022"]
[Source "ChessBase"]
[SourceDate "2021.10.06"]
[SourceVersion "1"]
[SourceVersionDate "2021.10.06"]
[SourceQuality "1"]

1. e4 e6 2. b3 d5 3. Bb2 dxe4 4. Nc3 Nf6 5. Qe2 Be7 6. Nxe4 0-0 7. Nf3 Nc6 8. 0-0-0 Nxe4 9. Qxe4 Bf6 10. Bd3 Bxb2+ 11. Kxb2 Qf6+ 12. Kb1 g6 13. h4 e5 14. g4 Qf4 15. Qxf4 exf4 16. Rdg1 h6 17. g5 h5 18. Re1 Be6 19. Bxg6 fxg6 20. Rxe6 Rfe8 21. Rxg6+ Kh7 22. Rh6+ Kg7 23. Re1 Rxe1+ 24. Nxe1 Ne5 25. Nd3 Nxd3 26. cxd3 Rd8 27. Kc2 Rf8 28. f3 Rf5 29. Rxh5 Rc5+ 30. Kb2 Rd5 31. Kc3 Rc5+ 32. Kd4 Rc2 33. Rh6 Rxa2 34. Rf6 Rxd2 35. Rxf4 Rh2 36. Rg4 Rb2 37. Kc3 Rf2 38. f4 Kg6 39. Kd4 Kf5 40. Ke3 Rf1 41. Ke2 Rh1 42. g6 Kxg4 43. g7 Rh2+ 44. Kf1 Rxh4 45. g8Q+ Kxf4 46. Qc4+ Kg3 47. Qxc7+ Rf4+ 48. Ke2 Kg4 49. Qxb7 a6 50. Qxa6 Kf5 51. Ke3 Rh4 52. Qc8+ Kg5 53. Qd8+ Kh5 54. Qe8+ Kg5 55. Qe7+ Kg4 56. Qg7+ Kh5 57. d4 Rh3+ 58. Ke4 Rh4+ 59. Kd5 Rg4 60. Qh7+ Kg5 61. b4 Rf4 62. Qg7+ Kf5 63. Qf7+ Kg5 64. Qxf4+ Kxf4 65. b5 Ke3 66. b6 Kd3 67. b7 Kc3 68. b8Q Kd3 69. Ke5 Ke3 70. d5 Kd3 71. d6 Ke3 72. d7 Kf3 73. d8Q Kg4 74. Qb4+ Kh5 75. Qg8 1-0

[Event "Paignton op"]
[Site "Paignton"]
[Date "2019.09.03"]
[Round "5"]
[White "French, Angus"]
[Black "Fleri, Luke"]
[Result "1/2-1/2"]
[WhiteElo "1984"]
[BlackElo "1647"]
[PlyCount "84"]
[EventDate "2019.08.31"]
[EventType "swiss"]
[EventRounds "9"]
[EventCountry "ENG"]
[SourceTitle "EXT 2020"]
[Source "ChessBase"]
[SourceDate "2019.10.17"]
[SourceVersion "1"]
[SourceVersionDate "2019.10.17"]
[SourceQuality "1"]

1. e4 e5 2. Nf3 Nc6 3. d4 exd4 4. Nxd4 Bc5 5. Nxc6 Qf6 6. Qf3 dxc6 7. Bc4 Qxf3 8. gxf3 Ke7 9. Rg1 g6 10. Bg5+ f6 11. Be3 Bxe3 12. fxe3 Be6 13. Bd3 Nh6 14. Nd2 Nf7 15. f4 Nd6 16. a4 a5 17. b3 b5 18. Nf3 Rhb8 19. Kd2 b4 20. h4 Nb7 21. f5 Bf7 22. e5 Rd8 23. e6 Be8 24. e4 Nc5 25. Ke3 Nxd3 26. cxd3 gxf5 27. exf5 Rd5 28. Rg7+ Kd6 29. Ke4 c5 30. Rxh7 Bc6 31. Rh5 Re8 32. Nd2 Rxe6+ 33. Kf4 Re2 34. Ne4+ Ke7 35. Rh7+ Kf8 36. Rxc7 Bd7 37. Kf3 Rb2 38. Nxc5 Bxf5 39. Ke3 Rh2 40. Rf1 Rxh4 41. Ne6+ Ke8 42. Nf4 Re5+ 1/2-1/2

[Event "GBR-ch U12 106th"]
[Site "Torquay"]
[Date "2019.07.29"]
[Round "2"]
[White "Ball, Katie C"]
[Black "Fleri, Luke"]
[Result "0-1"]
[WhiteElo "1300"]
[BlackElo "1647"]
[PlyCount "52"]
[EventDate "2019.07.28"]
[EventType "swiss"]
[EventRounds "7"]
[EventCountry "ENG"]
[SourceTitle "EXT 2020"]
[Source "ChessBase"]
[SourceDate "2019.10.17"]
[SourceVersion "1"]
[SourceVersionDate "2019.10.17"]
[SourceQuality "1"]

1. d4 d5 2. Bf4 Nf6 3. e3 c5 4. c3 Qb6 5. Qb3 c4 6. Qxb6 axb6 7. Nf3 e6 8. Nbd2 b5 9. b3 Ba3 10. Rb1 b4 11. cxb4 c3 12. Bd3 cxd2+ 13. Nxd2 Bxb4 14. Rc1 Bxd2+ 15. Kxd2 Rxa2+ 16. Ke1 Nc6 17. Bb5 Bd7 18. Ba4 0-0 19. Bxc6 Bxc6 20. Bd6 Rfa8 21. Bg3 Ra1 22. Ke2 R1a2+ 23. Kd3 Ne4 24. Rhd1 Bb5+ 25. Rc4 Bxc4+ 26. bxc4 R8a3# 0-1

[Event "BCF-ch U14"]
[Site "Hull"]
[Date "2018.08.04"]
[Round "7"]
[White "Audhora, Purba"]
[Black "Fleri, Luke"]
[Result "1-0"]
[WhiteElo "1087"]
[BlackElo "1584"]
[PlyCount "95"]
[EventDate "2018.07.29"]
[EventType "swiss"]
[EventRounds "7"]
[EventCountry "ENG"]
[SourceTitle "CBM 186 Extra"]
[Source "ChessBase"]
[SourceDate "2018.08.24"]
[SourceVersion "1"]
[SourceVersionDate "2018.08.24"]
[SourceQuality "1"]

1. e4 e5 2. Nf3 Nc6 3. Bc4 Bc5 4. Nc3 Nf6 5. 0-0 d6 6. h3 Be6 7. Bb3 0-0 8. d3 h6 9. Be3 Bb6 10. d4 exd4 11. Nxd4 a6 12. Nxe6 fxe6 13. Bxe6+ Kh8 14. Qd2 Bxe3 15. Qxe3 Re8 16. Bf5 d5 17. Qf4 d4 18. Rad1 Nb4 19. e5 Nfd5 20. Nxd5 Nxd5 21. Qxd4 Nb6 22. Qg4 Qg5 23. Qxg5 hxg5 24. Rfe1 Rad8 25. Rxd8 Rxd8 26. e6 Re8 27. e7 Nd5 28. Bg6 Rxe7 29. Rxe7 Nxe7 30. Be4 c6 31. Kf1 Kg8 32. Ke2 Kf7 33. Ke3 Ke6 34. Kd4 b6 35. Bd3 a5 36. Ke4 Ng6 37. g3 Ne5 38. b3 b5 39. c4 b4 40. Be2 g6 41. Bg4+ Kf6 42. Kd4 c5+ 43. Kxc5 Nd3+ 44. Kb6 Nc1 45. c5 Nxb3 46. c6 Nd2 47. c7 Nc4+ 48. Kc5 1-0

[Event "BCF-ch U14"]
[Site "Hull"]
[Date "2018.07.30"]
[Round "2"]
[White "Fleri, Luke"]
[Black "Balouka Myers, Toby"]
[Result "1-0"]
[WhiteElo "1584"]
[BlackElo "1447"]
[PlyCount "85"]
[EventDate "2018.07.29"]
[EventType "swiss"]
[EventRounds "7"]
[EventCountry "ENG"]
[SourceTitle "CBM 186 Extra"]
[Source "ChessBase"]
[SourceDate "2018.08.24"]
[SourceVersion "1"]
[SourceVersionDate "2018.08.24"]
[SourceQuality "1"]

1. e4 e6 2. b3 d5 3. Bb2 c5 4. exd5 exd5 5. Nf3 Nf6 6. g3 Bg4 7. Bg2 Be7 8. 0-0 0-0 9. d3 Nc6 10. Nbd2 Qd7 11. Re1 Rfe8 12. c3 d4 13. cxd4 cxd4 14. Ne4 Rad8 15. Qd2 Nxe4 16. Rxe4 Bb4 17. Qg5 Qf5 18. Qxg4 Qxg4 19. Rxg4 Bc5 20. Rc1 b6 21. Rf4 Re2 22. Bxd4 Nxd4 23. Nxd4 Rxd4 24. Rxd4 g6 25. Rf4 Rxa2 26. Bd5 Re2 27. Rxf7 Re5 28. Rf5+ Rxd5 29. Rxd5 Kf8 30. Rcxc5 bxc5 31. Rxc5 a6 32. Re5 Kf7 33. d4 Kf6 34. Re1 g5 35. d5 h5 36. d6 Kf5 37. d7 g4 38. d8Q a5 39. Qf8+ Kg5 40. Re5+ Kg6 41. Qf5+ Kg7 42. Re7+ Kh8 43. Qh7# 1-0

[Event "EU-ch U10 27th"]
[Site "Mamaia"]
[Date "2017.09.09"]
[Round "5"]
[White "Janik, Marek Tobias"]
[Black "Fleri, Luke"]
[Result "1-0"]
[WhiteElo "1503"]
[BlackElo "1308"]
[PlyCount "65"]
[EventDate "2017.09.05"]
[EventType "swiss"]
[EventRounds "9"]
[EventCountry "ROU"]
[SourceTitle "CBM 180 Extra"]
[Source "ChessBase"]
[SourceDate "2017.10.06"]
[SourceVersion "1"]
[SourceVersionDate "2017.10.06"]
[SourceQuality "1"]

1. e4 e5 2. Nf3 Nc6 3. Bc4 Bc5 4. 0-0 Nf6 5. d3 h6 6. c3 0-0 7. Nbd2 d6 8. a4 Be6 9. Bxe6 fxe6 10. b4 Bxb4 11. cxb4 Nxb4 12. Qb3 c5 13. Ba3 Qd7 14. Bxb4 cxb4 15. Qxb4 Rac8 16. Nc4 Rfd8 17. Qb5 Qe7 18. Rfc1 Rc5 19. Qb2 Rb8 20. Ne3 Rbc8 21. Rxc5 Rxc5 22. Rc1 Ra5 23. Qb4 b6 24. d4 Nxe4 25. dxe5 Nc5 26. exd6 Qd7 27. Ne5 Qe8 28. N3c4 Rxa4 29. d7 Qd8 30. Qb5 a6 31. Qxb6 Qxb6 32. Nxb6 Nxd7 33. Nxa4 1-0